书目信息 |
| 题名: |
赤潮重点监控区监控预警系统论文集
|
|
| 作者: | 高振会 , 赵冬至 , 崔文林 编著 | |
| 分册: | ||
| 出版信息: | 北京 海洋出版社 2008.01 |
|
| 页数: | 213页 | |
| 开本: | 26cm | |
| 丛书名: | ||
| 单 册: | ||
| 中图分类: | X55-39 | |
| 科图分类: | ||
| 主题词: | 地理信息系统--di li xin xi xi tong--应用--红潮--预警系统--文集 | |
| 电子资源: | ||
| ISBN: | 978-7-5027-7003-7 | |
| 000 | 01185nam0 2200277 450 | |
| 001 | 012008065355 | |
| 005 | 20080617152613.60 | |
| 010 | @a978-7-5027-7003-7@dCNY48.00 | |
| 100 | @a20080617d2008 em y0chiy0120 ea | |
| 101 | 0 | @achi |
| 102 | @aCN@b110000 | |
| 105 | @aak a 000yy | |
| 106 | @ar | |
| 200 | 1 | @a赤潮重点监控区监控预警系统论文集@Achi chao zhong dian jian kong qu jian kong yu jing xi tong lun wen ji@f高振会, 赵冬至, 崔文林等编著@Fgao zhen hui,zhao dong zhi,cui wen lin deng bian zhu |
| 210 | @a北京@c海洋出版社@d2008.01 | |
| 215 | @a213页@c图@d26cm | |
| 300 | @a国家高技术研究计划(国家“863”课题) 本论文集由国家“863”课题“赤潮重点监控区监控预警系统”[编号2005AA635200]资助 | |
| 320 | @a有书目 | |
| 330 | @a本书收录了《2006年夏季渤海湾赤潮重点监控区的赤潮生物》、《2006年夏季渤海湾赤潮重点监控区的夜光藻赤潮生消过程分析》、《pH对赤潮生消的影响》等30多篇论文。 | |
| 606 | 0 | @a地理信息系统@Adi li xin xi xi tong@x应用@x红潮@x预警系统@j文集 |
| 690 | @aX55-39@v4 | |
| 701 | 0 | @a高振会@Agao zhen hui@4编著 |
| 701 | 0 | @a赵冬至@Azhao dong zhi@4编著 |
| 701 | 0 | @a崔文林@Acui wen lin@4编著 |
| 801 | 0 | @aCN@bQSSK@c20080617 |
| 905 | @b727937-39@dX55-39@eG212@f3 | |
| 赤潮重点监控区监控预警系统论文集/高振会, 赵冬至, 崔文林等编著.-北京:海洋出版社,2008.01 |
| 213页:图;26cm |
| 国家高技术研究计划(国家“863”课题) 本论文集由国家“863”课题“赤潮重点监控区监控预警系统”[编号2005AA635200]资助 |
| ISBN 978-7-5027-7003-7:CNY48.00 |
| 本书收录了《2006年夏季渤海湾赤潮重点监控区的赤潮生物》、《2006年夏季渤海湾赤潮重点监控区的夜光藻赤潮生消过程分析》、《pH对赤潮生消的影响》等30多篇论文。 |
| ● |
| 相关链接 |
|
|
|
正题名:赤潮重点监控区监控预警系统论文集
索取号:X55-39/G212
 
预约/预借
| 序号 | 登录号 | 条形码 | 馆藏地/架位号 | 状态 | 备注 |
| 1 | 727937 | 207279372 | 自科库501/501自科库 102排2列1层/ [索取号:X55-39/G212] | 在馆 | |
| 2 | 727938 | 207279381 | 自科二线504/504自科库 13排2列1层/ [索取号:X55-39/G212] | 在馆 | |
| 3 | 727939 | 207279390 | 自科库501/501自科库 102排2列1层/ [索取号:X55-39/G212] | 在馆 |